[Event "DEM U16 2008"]
[Site "Willingen GER"]
[Date "2008.05.13"]
[Round "5"]
[White "Löhrke, Michael"]
[Black "Dupont, Gabriel"]
[Result "1/2-1/2"]
[Termination "normal"]
[Board "13"]
[WhiteElo "1832"]
[BlackElo "1888"]
[PlyCount "61"]
[BlackFideId "4634802"]
[EventCountry "GER"]
[EventRounds "9"]
[EventType "swiss"]
[EventDate "2008.05.10"]

1. d4 d5 2. Nf3 Nf6 3. Bf4 c5 4. e3 Nc6 5. Nbd2 e6 6. c3 Bd6 7. Ne5 O-O 8. Bd3
Be7 9. Qf3 Nd7 10. Qh3 f5 11. g4 Ndxe5 12. dxe5 g5 13. Rg1 Kh8 14. Bg3 Rf7 15.
f4 Qg8 16. gxf5 exf5 17. fxg5 f4 18. e6 Bxe6 19. Qxe6 fxg3 20. O-O-O Rf2 21.
Qxg8+ Rxg8 22. hxg3 Bxg5 23. Rh1 h6 24. Rdf1 Rxf1+ 25. Nxf1 d4 26. Rh2 dxe3 27.
Re2 Ne5 28. Kc2 Ng4 29. Bf5 h5 30. Bxg4 hxg4 31. Nxe3 1/2-1/2

[Event "DEM U16 2008"]
[Site "Willingen GER"]
[Date "2008.05.13"]
[Round "5"]
[White "Wolff, Christoph"]
[Black "Müller, Denis"]
[Result "1-0"]
[Termination "normal"]
[Board "14"]
[WhiteElo "1709"]
[BlackElo "1915"]
[PlyCount "60"]
[WhiteFideId "24659495"]
[BlackFideId "4696140"]
[EventCountry "GER"]
[EventRounds "9"]
[EventType "swiss"]
[EventDate "2008.05.10"]

1. e4 e6 2. d4 d5 3. e5 c5 4. c3 Nc6 5. Nf3 Qb6 6. a3 c4 7. Be2 f6 8. exf6 Nxf6
9. Qc2 Bd6 10. O-O O-O 11. Be3 Qc7 12. h3 Bd7 13. Nbd2 Be8 14. Nh4 Bh2+ 15. Kh1
e5 16. dxe5 Bxe5 17. Ndf3 Ne4 18. Nxe5 Nxe5 19. Rad1 Rd8 20. Nf3 Bg6 21. Qc1
Nxf3 22. Bxf3 Qd7 23. Bg4 Qe7 24. Bxa7 h5 25. Bf3 Qh4 26. Qe3 Rde8 27. Rxd5 b6
28. Bxb6 Rf4 29. Bxe4 Rfxe4 30. Qg5 Re1 1-0

[Event "DEM U16 2008"]
[Site "Willingen GER"]
[Date "2008.05.14"]
[Round "6"]
[White "Jorczik, Julian"]
[Black "Heimann, Andreas"]
[Result "1-0"]
[Termination "normal"]
[Board "1"]
[WhiteTitle "FM"]
[WhiteElo "2339"]
[BlackElo "2390"]
[PlyCount "75"]
[WhiteFideId "24611719"]
[BlackFideId "24624632"]
[EventCountry "GER"]
[EventRounds "9"]
[EventType "swiss"]
[EventDate "2008.05.10"]

1. d4 d5 2. c4 c6 3. Nc3 Nf6 4. e3 Bf5 5. Nf3 e6 6. Nh4 Bg6 7. Be2 Nbd7 8. O-O
Ne4 9. Nxg6 Nxc3 10. bxc3 hxg6 11. h3 Bd6 12. Rb1 Qc7 13. Qb3 b6 14. cxd5 cxd5
15. c4 dxc4 16. Bxc4 O-O 17. e4 e5 18. f4 exd4 19. e5 Be7 20. e6 fxe6 21. Bxe6+
Kh8 22. Bf7 Qd6 23. f5 g5 24. Bg6 d3 25. Qd1 Kg8 26. Qb3+ Kh8 27. Qd1 Kg8 28.
Bb2 Bf6 29. Qh5 Bd4+ 30. Kh1 Nf6 31. Qf3 Bxb2 32. Rxb2 Rad8 33. Rd2 Qd5 34.
Rfd1 Qxf3 35. gxf3 Rd5 36. Rxd3 Rfd8 37. Rxd5 Nxd5 38. f6 1-0

[Event "DEM U16 2008"]
[Site "Willingen GER"]
[Date "2008.05.14"]
[Round "6"]
[White "Hirneise, Jens"]
[Black "Strunski, Andreas"]
[Result "0-1"]
[Termination "normal"]
[Board "2"]
[WhiteElo "2202"]
[BlackElo "2271"]
[PlyCount "64"]
[WhiteFideId "24614734"]
[BlackFideId "24606073"]
[EventCountry "GER"]
[EventRounds "9"]
[EventType "swiss"]
[EventDate "2008.05.10"]

1. e4 c5 2. Nf3 e6 3. d4 cxd4 4. Nxd4 a6 5. Nc3 Qc7 6. Bd3 Nc6 7. Nxc6 bxc6 8.
O-O d5 9. Qe2 Nf6 10. Bg5 Bb7 11. Rae1 Be7 12. e5 h6 13. Bh4 Ng8 14. Bxe7 Nxe7
15. b3 c5 16. f4 g6 17. Nd1 h5 18. c4 d4 19. Be4 Nf5 20. Rf3 Ke7 21. Nf2 a5 22.
Rb1 Rhb8 23. Rd3 Bxe4 24. Qxe4 a4 25. Nd1 Kf8 26. Qe2 Rb6 27. Rb2 Qb7 28. Qc2
Qe4 29. Qd2 axb3 30. Rdxb3 Rxb3 31. axb3 Ra1 32. Kf2 Ne3 0-1

[Event "DEM U16 2008"]
[Site "Willingen GER"]
[Date "2008.05.14"]
[Round "6"]
[White "Geske, Julian"]
[Black "Kachibadze, Georg"]
[Result "1-0"]
[Termination "normal"]
[Board "3"]
[WhiteElo "2206"]
[BlackElo "2098"]
[PlyCount "111"]
[WhiteFideId "24605263"]
[BlackFideId "24640794"]
[EventCountry "GER"]
[EventRounds "9"]
[EventType "swiss"]
[EventDate "2008.05.10"]

1. e4 c5 2. Nf3 d6 3. d4 cxd4 4. Nxd4 Nf6 5. Nc3 a6 6. Bg5 e6 7. f4 Nbd7 8. Qf3
Qc7 9. O-O-O Be7 10. Bd3 b5 11. Rhe1 Bb7 12. Nd5 exd5 13. Nf5 Kf8 14. exd5 Re8
15. Nxg7 Kxg7 16. Qg3 Rhg8 17. Rxe7 Kf8 18. Ree1 Rg6 19. Bxg6 fxg6 20. Qh4 Rxe1
21. Rxe1 Nc5 22. Qh6+ Kg8 23. Re3 Nce4 24. Bxf6 Nxf6 25. f5 Qf7 26. fxg6 hxg6
27. Re6 Bxd5 28. Rxd6 Be4 29. Qh3 Kg7 30. Rd8 Qe7 31. Rd1 Qc5 32. c3 Qf2 33.
Rd2 Qf1+ 34. Rd1 Qf4+ 35. Rd2 Bf5 36. Qf3 Qa4 37. Qb7+ Kh6 38. Qf7 Nh7 39. Qd5
Qf4 40. g3 Qe3 41. Qd4 Qe1+ 42. Rd1 Qe6 43. b3 Nf6 44. Kb2 Kh7 45. Qd2 Nd7 46.
Re1 Qf6 47. Qf4 g5 48. Qe3 Kg6 49. h4 gxh4 50. Qe8+ Kg5 51. gxh4+ Kxh4 52. Rh1+
Kg5 53. Qe3+ Kg4 54. Rg1+ Kh5 55. Qf3+ Kh6 56. Qh1+ 1-0

[Event "DEM U16 2008"]
[Site "Willingen GER"]
[Date "2008.05.14"]
[Round "6"]
[White "Zelbel, Patrick"]
[Black "Friedrich, Ricardo"]
[Result "0-1"]
[Termination "normal"]
[Board "4"]
[WhiteElo "2246"]
[BlackElo "1914"]
[PlyCount "90"]
[WhiteFideId "24624322"]
[BlackFideId "24667170"]
[EventCountry "GER"]
[EventRounds "9"]
[EventType "swiss"]
[EventDate "2008.05.10"]

1. e4 c5 2. c3 Nf6 3. e5 Nd5 4. d4 cxd4 5. Nf3 Nc6 6. cxd4 d6 7. Bc4 Nb6 8. Bb5
Bd7 9. Nc3 e6 10. O-O Nb4 11. Be2 N4d5 12. Ne4 dxe5 13. dxe5 Be7 14. a3 O-O 15.
Bd3 a6 16. Qe2 Bc6 17. b3 Qd7 18. Rd1 Bb5 19. Bxb5 Qxb5 20. Qxb5 axb5 21. Bb2
Rac8 22. Nd4 b4 23. a4 Nc3 24. Bxc3 bxc3 25. Nc2 Nd5 26. Rd4 Rc6 27. Kf1 f5 28.
exf6 gxf6 29. Ng3 f5 30. a5 Bf6 31. Rda4 Rd8 32. Ke1 Bg5 33. Rd1 Rcd6 34. Ne2
Bd2+ 35. Kf1 e5 36. g3 Nc7 37. Rc4 Nb5 38. b4 Nd4 39. Nxc3 Nxc2 40. Nb5 Rc6 41.
Rc5 Rxc5 42. bxc5 Bxa5 43. Rxd8+ Bxd8 44. Nd6 Nd4 45. Nxb7 Bc7 0-1

[Event "DEM U16 2008"]
[Site "Willingen GER"]
[Date "2008.05.14"]
[Round "6"]
[White "Mazarov, Jürgen"]
[Black "Marx, Joschka"]
[Result "1-0"]
[Termination "normal"]
[Board "5"]
[WhiteElo "2161"]
[BlackElo "1930"]
[PlyCount "51"]
[WhiteFideId "24617768"]
[BlackFideId "24645869"]
[EventCountry "GER"]
[EventRounds "9"]
[EventType "swiss"]
[EventDate "2008.05.10"]

1. e4 c5 2. Nf3 e6 3. d4 cxd4 4. Nxd4 a6 5. Bd3 Qc7 6. O-O Nf6 7. Qe2 d6 8. Kh1
Nbd7 9. f4 Be7 10. Nc3 b5 11. Bd2 Bb7 12. Rae1 O-O 13. e5 Ne8 14. Qg4 Nc5 15.
Re3 Nxd3 16. cxd3 Rd8 17. Nf3 g6 18. Ne4 d5 19. Neg5 h6 20. Nxe6 fxe6 21. Qxg6+
Ng7 22. Nd4 Qd7 23. Rg3 Bg5 24. Rff3 Bxf4 25. Bxf4 Bc8 26. Bxh6 1-0

[Event "DEM U16 2008"]
[Site "Willingen GER"]
[Date "2008.05.14"]
[Round "6"]
[White "Graf, Felix"]
[Black "Hobusch, Alexander"]
[Result "1-0"]
[Termination "normal"]
[Board "6"]
[WhiteElo "2225"]
[BlackElo "2034"]
[PlyCount "75"]
[WhiteFideId "24608904"]
[BlackFideId "24611387"]
[EventCountry "GER"]
[EventRounds "9"]
[EventType "swiss"]
[EventDate "2008.05.10"]

1. e4 e6 2. d4 d5 3. Nc3 Nf6 4. e5 Nfd7 5. f4 c5 6. Nf3 Nc6 7. Be3 a6 8. Qd2 b5
9. a3 Bb7 10. g3 Qb6 11. Ne2 cxd4 12. Nfxd4 Bc5 13. b4 Nxd4 14. Nxd4 Bxd4 15.
Bxd4 Qc6 16. Bd3 f6 17. Qe2 O-O-O 18. a4 bxa4 19. Ra3 Nb6 20. Rc3 Nc4 21. Bxc4
dxc4 22. Rxc4 Rxd4 23. Rxc6+ Bxc6 24. Qxa6+ Bb7 25. Qxe6+ Kb8 26. Kf2 Rd2+ 27.
Ke3 Rhd8 28. Re1 Rxc2 29. exf6 gxf6 30. Qxf6 Rcd2 31. f5 R8d6 32. Qh8+ Ka7 33.
Qxh7 R2d4 34. Qe7 a3 35. Ra1 Rd3+ 36. Kf4 Ra6 37. f6 Rf3+ 38. Kg5 1-0

[Event "DEM U16 2008"]
[Site "Willingen GER"]
[Date "2008.05.14"]
[Round "6"]
[White "Jussupow, Alexander"]
[Black "Kaphle, Stephan"]
[Result "0-1"]
[Termination "normal"]
[Board "7"]
[WhiteElo "2040"]
[BlackElo "2136"]
[PlyCount "32"]
[WhiteFideId "24613509"]
[BlackFideId "24629103"]
[EventCountry "GER"]
[EventRounds "9"]
[EventType "swiss"]
[EventDate "2008.05.10"]

1. d4 Nf6 2. Nf3 c5 3. e3 cxd4 4. exd4 d5 5. Bd3 Nc6 6. c3 Bg4 7. O-O e6 8. Bg5
Be7 9. Nbd2 Bh5 10. Qb3 Qc7 11. Rfe1 O-O 12. Ne5 Bd6 13. Ndf3 Ne4 14. Nxc6 Bxf3
15. Bh4 Bxh2+ 16. Kh1 Qf4 0-1

[Event "DEM U16 2008"]
[Site "Willingen GER"]
[Date "2008.05.14"]
[Round "6"]
[White "Nuber, Blasius"]
[Black "Schulz, Jens"]
[Result "0-1"]
[Termination "normal"]
[Board "8"]
[WhiteElo "2093"]
[BlackElo "1984"]
[PlyCount "132"]
[WhiteFideId "24620289"]
[BlackFideId "24675687"]
[EventCountry "GER"]
[EventRounds "9"]
[EventType "swiss"]
[EventDate "2008.05.10"]

1. e4 e5 2. Nf3 Nc6 3. d4 exd4 4. c3 Nf6 5. e5 Nd5 6. cxd4 Bb4+ 7. Bd2 Bxd2+ 8.
Qxd2 d6 9. Nc3 Be6 10. Bb5 O-O 11. O-O Nce7 12. Ne4 dxe5 13. dxe5 Bf5 14. Rfe1
Bxe4 15. Rxe4 c6 16. Bd3 Nc7 17. Rd1 Ne6 18. Ng5 Nxg5 19. Qxg5 Ng6 20. Qg3 Qb6
21. h4 Rad8 22. h5 Ne7 23. Qg5 Qxb2 24. Rg4 g6 25. Qxe7 Rxd3 26. Rxd3 Qb1+ 27.
Kh2 Qxd3 28. Qf6 Qd8 29. Rd4 Qxf6 30. exf6 c5 31. Rd7 Rc8 32. Rxb7 c4 33. Rb2
gxh5 34. Kg3 h6 35. f4 c3 36. Rc2 Kh7 37. f5 Rc4 38. Kf3 h4 39. Ke3 h5 40. Kd3
Rc5 41. Rxc3 Rxf5 42. Rc7 Ra5 43. Rxf7+ Kg6 44. Rb7 Kxf6 45. Rb2 Kg5 46. Ke3
Kg4 47. Kf2 Ra4 48. Kg1 h3 49. Kh2 hxg2 50. Rxg2+ Kf3 51. Kh3 Ke3 52. Rg5 h4
53. Rg2 Kd3 54. Rb2 Kc3 55. Rf2 a5 56. Rg2 Rd4 57. Rf2 a4 58. Rg2 a3 59. Rf2
Rd2 60. Rf8 Kb2 61. Kxh4 Kxa2 62. Ra8 Kb2 63. Rb8+ Kc1 64. Ra8 a2 65. Kg3 Kb1
66. Rb8+ Rb2 0-1

[Event "DEM U16 2008"]
[Site "Willingen GER"]
[Date "2008.05.14"]
[Round "6"]
[White "Grünter, Martin"]
[Black "Borgmeyer, Max"]
[Result "1/2-1/2"]
[Termination "normal"]
[Board "9"]
[WhiteElo "2040"]
[BlackElo "2040"]
[PlyCount "43"]
[WhiteFideId "24640352"]
[BlackFideId "24615870"]
[EventCountry "GER"]
[EventRounds "9"]
[EventType "swiss"]
[EventDate "2008.05.10"]

1. e4 c5 2. c3 Nf6 3. e5 Nd5 4. d4 cxd4 5. Nf3 Nc6 6. Bc4 Nb6 7. Bb3 d5 8. exd6
e6 9. cxd4 Bxd6 10. Nc3 O-O 11. O-O Bd7 12. Be3 Ne7 13. Qe2 Nf5 14. Bc2 Bc6 15.
Ne5 Nxe3 16. Qxe3 Qh4 17. g3 Qh3 18. Nxc6 bxc6 19. Be4 Nd5 20. Qe2 Rab8 21. Bg2
Qh6 22. Ne4 1/2-1/2

[Event "DEM U16 2008"]
[Site "Willingen GER"]
[Date "2008.05.14"]
[Round "6"]
[White "Völsgen, Georg"]
[Black "Tkachuk, Konstantyn"]
[Result "0-1"]
[Termination "normal"]
[Board "10"]
[WhiteElo "1884"]
[BlackElo "2145"]
[PlyCount "112"]
[WhiteFideId "24635901"]
[BlackFideId "24647330"]
[EventCountry "GER"]
[EventRounds "9"]
[EventType "swiss"]
[EventDate "2008.05.10"]

1. e4 c5 2. Nc3 Nc6 3. f4 g6 4. Nf3 Bg7 5. Bc4 d6 6. O-O e6 7. f5 exf5 8. d3 h6
9. Qe1 Nge7 10. Qh4 Be6 11. exf5 Nxf5 12. Qe4 Qd7 13. Re1 Nfd4 14. Nxd4 Nxd4
15. Bxe6 Nxe6 16. Qh4 g5 17. Qc4 O-O 18. Nd5 Rae8 19. Bd2 Nd4 20. a4 Rxe1+ 21.
Rxe1 Re8 22. Rf1 Re2 23. c3 Nc6 24. Rf2 Rxf2 25. Kxf2 Qf5+ 26. Kg1 Qe6 27. Qe4
Qxe4 28. dxe4 c4 29. Ne3 Ne5 30. Nf5 Bf8 31. Nd4 f6 32. b4 cxb3 33. Nxb3 Nc4
34. Be1 Kf7 35. Nd4 h5 36. h3 h4 37. g3 hxg3 38. Bxg3 Be7 39. Kf2 a6 40. Nf5
Ke6 41. Nd4+ Kd7 42. h4 gxh4 43. Bxh4 Nb2 44. a5 Nc4 45. Nb3 d5 46. exd5 Kd6
47. Kf3 Kxd5 48. Bf2 Ne5+ 49. Ke2 Kc4 50. Nd4 Kxc3 51. Nf5 Bf8 52. Bh4 Nd7 53.
Ne3 Kb4 54. Nd5+ Kxa5 55. Nxf6 Nxf6 56. Bxf6 Kb4 0-1

[Event "DEM U16 2008"]
[Site "Willingen GER"]
[Date "2008.05.14"]
[Round "6"]
[White "Schneider, Jens"]
[Black "Eibl, Maximilian"]
[Result "1/2-1/2"]
[Termination "normal"]
[Board "11"]
[WhiteElo "1796"]
[BlackElo "2001"]
[PlyCount "76"]
[WhiteFideId "24685771"]
[BlackFideId "24620092"]
[EventCountry "GER"]
[EventRounds "9"]
[EventType "swiss"]
[EventDate "2008.05.10"]

1. e4 c5 2. c3 Nf6 3. e5 Nd5 4. d4 cxd4 5. Nf3 Nc6 6. cxd4 d6 7. Nbd2 dxe5 8.
dxe5 Bg4 9. Qa4 Qd7 10. Bb5 Nb6 11. Qf4 Rc8 12. O-O Nd5 13. Qg3 a6 14. Bxc6
Rxc6 15. e6 Bxe6 16. Ne5 Qc8 17. Nxc6 bxc6 18. Ne4 h5 19. h4 g6 20. Bd2 Bg7 21.
Bc3 Nxc3 22. Nxc3 O-O 23. Rac1 Qb7 24. b3 Qb4 25. Rfe1 Bh6 26. Re4 Qc5 27. Rd1
Bg7 28. Re3 Bg4 29. Rde1 Bd4 30. Na4 Qd6 31. Qxd6 exd6 32. Rd3 c5 33. Kf1 Bd7
34. Nc3 Bf5 35. Rg3 Be5 36. Rge3 Bd4 37. Rg3 Be5 38. Rge3 Bd4 1/2-1/2

[Event "DEM U16 2008"]
[Site "Willingen GER"]
[Date "2008.05.14"]
[Round "6"]
[White "Wolff, Christoph"]
[Black "Tiemann, Christoph"]
[Result "0-1"]
[Termination "normal"]
[Board "12"]
[WhiteElo "1709"]
[BlackElo "2077"]
[PlyCount "52"]
[WhiteFideId "24659495"]
[BlackFideId "24676900"]
[EventCountry "GER"]
[EventRounds "9"]
[EventType "swiss"]
[EventDate "2008.05.10"]

1. e4 c5 2. Nf3 d6 3. d4 cxd4 4. Nxd4 Nf6 5. Nc3 a6 6. f3 e5 7. Nb3 Be6 8. Be3
Be7 9. Qd2 h5 10. O-O-O Nbd7 11. Be2 Qc7 12. h4 b5 13. Rdg1 Rc8 14. Bd1 b4 15.
Nd5 Bxd5 16. exd5 a5 17. g4 hxg4 18. fxg4 a4 19. Na1 Qc4 20. Kb1 Nxd5 21. Bg5
a3 22. Bxe7 axb2 23. Kxb2 Nc3 24. Nb3 Qa6 25. Nc1 Qa3+ 26. Ka1 Ra8 0-1

[Event "DEM U16 2008"]
[Site "Willingen GER"]
[Date "2008.05.14"]
[Round "6"]
[White "Schiffner, Kevin"]
[Black "Löhrke, Michael"]
[Result "1-0"]
[Termination "normal"]
[Board "13"]
[WhiteElo "1928"]
[BlackElo "1832"]
[PlyCount "103"]
[WhiteFideId "24674940"]
[EventCountry "GER"]
[EventRounds "9"]
[EventType "swiss"]
[EventDate "2008.05.10"]

1. d4 Nf6 2. c4 e6 3. Nc3 Bb4 4. Qc2 b6 5. a3 Bxc3+ 6. Qxc3 Bb7 7. Bg5 h6 8.
Bh4 g5 9. Bg3 Ne4 10. Qc2 f5 11. Be5 Rf8 12. f3 Nf6 13. e3 d6 14. Bg3 Nbd7 15.
Bd3 Nh5 16. Bf2 Qf6 17. O-O-O O-O-O 18. h3 e5 19. d5 Nc5 20. Be2 Ng7 21. Rf1 h5
22. Kb1 Rde8 23. e4 f4 24. h4 Kb8 25. Rc1 g4 26. Bxc5 gxf3 27. Bxd6 fxg2 28.
Bxc7+ Kxc7 29. Rh2 Re7 30. Nf3 Bc8 31. c5 Kb8 32. d6 Ref7 33. Ng5 Ne6 34. Nxf7
Nd4 35. Qd3 Nxe2 36. Qxe2 f3 37. Qf2 Rxf7 38. cxb6 axb6 39. Qxb6+ Rb7 40. d7
Qxb6 41. dxc8=Q+ Ka7 42. Qc2 Rg7 43. Ka2 f2 44. Rxg2 Rxg2 45. Qa4+ Kb7 46. Qd7+
Ka6 47. Qc8+ Ka5 48. Rc5+ Qxc5 49. Qxc5+ Ka6 50. Qc4+ Kb6 51. Qf1 Rh2 52. Kb3
1-0

[Event "DEM U16 2008"]
[Site "Willingen GER"]
[Date "2008.05.15"]
[Round "7"]
[White "Strunski, Andreas"]
[Black "Jorczik, Julian"]
[Result "0-1"]
[Termination "normal"]
[Board "1"]
[BlackTitle "FM"]
[WhiteElo "2271"]
[BlackElo "2339"]
[PlyCount "54"]
[WhiteFideId "24606073"]
[BlackFideId "24611719"]
[EventCountry "GER"]
[EventRounds "9"]
[EventType "swiss"]
[EventDate "2008.05.10"]

1. d4 Nf6 2. c4 g6 3. Nc3 Bg7 4. e4 d6 5. Nge2 O-O 6. Ng3 e5 7. d5 a5 8. h4 Na6
9. Be2 c6 10. h5 cxd5 11. cxd5 Nc5 12. h6 Bh8 13. Be3 Qb6 14. Qd2 Bd7 15. O-O
a4 16. Nb1 Rfc8 17. f3 Ne8 18. Na3 Bf6 19. Rfc1 Bd8 20. Rc2 f5 21. exf5 gxf5
22. Rac1 f4 23. Bxc5 Rxc5 24. Rxc5 fxg3 25. Qe3 Rc8 26. f4 Rxc5 27. Rxc5 exf4
0-1

[Event "DEM U16 2008"]
[Site "Willingen GER"]
[Date "2008.05.15"]
[Round "7"]
[White "Heimann, Andreas"]
[Black "Mazarov, Jürgen"]
[Result "1-0"]
[Termination "normal"]
[Board "2"]
[WhiteElo "2390"]
[BlackElo "2161"]
[PlyCount "119"]
[WhiteFideId "24624632"]
[BlackFideId "24617768"]
[EventCountry "GER"]
[EventRounds "9"]
[EventType "swiss"]
[EventDate "2008.05.10"]

1. e4 c5 2. Nc3 a6 3. Nge2 d6 4. g3 Nf6 5. Bg2 e5 6. d3 Be7 7. O-O Nbd7 8. a4
b6 9. f4 Qc7 10. h3 h5 11. Be3 Bb7 12. Qd2 O-O-O 13. f5 d5 14. Nxd5 Nxd5 15.
exd5 Rdg8 16. c4 Nf6 17. Be4 a5 18. Rf3 Kb8 19. Kg2 Qd8 20. Nc3 Nh7 21. Rh1 Bg5
22. h4 Bxe3 23. Qxe3 Nf6 24. Qe2 Ne8 25. Kf1 Rh6 26. Ke1 Nd6 27. Kd2 Bc8 28.
Qe3 Bd7 29. b3 Rgh8 30. Rf2 f6 31. Rhf1 Qc8 32. Kc2 Kb7 33. Kb2 Kb8 34. Nd1 Kb7
35. Qd2 Kc7 36. Ne3 R6h7 37. Rf3 Kb8 38. Qf2 Rh6 39. Rg1 R8h7 40. Qf1 Qe8 41.
Rf2 Kc7 42. Rfg2 Qf8 43. Qf2 Be8 44. Qf3 Bf7 45. Nd1 Be8 46. Qf2 Bf7 47. Nc3
Qh8 48. Ka3 Kd7 49. Nb5 Nxb5+ 50. axb5 Kd6 51. Kb2 Qf8 52. b4 axb4 53. Ra1 Qb8
54. Ra6 Qc7 55. Kb3 Rh8 56. Qa2 Rb8 57. Ra7 Rb7 58. Rxb7 Qxb7 59. Qa6 Qc7 60.
Qa8 1-0

[Event "DEM U16 2008"]
[Site "Willingen GER"]
[Date "2008.05.15"]
[Round "7"]
[White "Friedrich, Ricardo"]
[Black "Geske, Julian"]
[Result "1-0"]
[Termination "normal"]
[Board "3"]
[WhiteElo "1914"]
[BlackElo "2206"]
[PlyCount "89"]
[WhiteFideId "24667170"]
[BlackFideId "24605263"]
[EventCountry "GER"]
[EventRounds "9"]
[EventType "swiss"]
[EventDate "2008.05.10"]

1. e4 e5 2. Nf3 Nc6 3. Bb5 Nge7 4. O-O g6 5. c3 Bg7 6. d4 exd4 7. cxd4 d5 8. e5
O-O 9. Nc3 Bg4 10. Be3 f6 11. exf6 Bxf6 12. Be2 Qd7 13. h3 Bf5 14. Qd2 Rae8 15.
Rfe1 Bg7 16. Bh6 Nc8 17. Bxg7 Kxg7 18. Bb5 Qd6 19. Rxe8 Rxe8 20. Re1 Re6 21.
Rxe6 Qxe6 22. Qf4 Qd7 23. Bxc6 bxc6 24. g4 Be6 25. Qe5+ Kg8 26. Na4 Qd6 27. Nc5
Bf7 28. Qg5 Kg7 29. Ne5 Ne7 30. Qh4 Be8 31. Qg3 g5 32. Qe3 h6 33. Qa3 Ng6 34.
Nxg6 Bxg6 35. Qxa7 Kf6 36. Qb8 Qe7 37. Qh8+ Kf7 38. Qe5 Qd6 39. a4 Qd8 40. a5
Qb8 41. Qe2 Be4 42. f3 Bb1 43. Qe6+ Kg7 44. Qf6+ Kg8 45. Ne6 1-0

[Event "DEM U16 2008"]
[Site "Willingen GER"]
[Date "2008.05.15"]
[Round "7"]
[White "Kachibadze, Georg"]
[Black "Hirneise, Jens"]
[Result "1-0"]
[Termination "normal"]
[Board "4"]
[WhiteElo "2098"]
[BlackElo "2202"]
[PlyCount "51"]
[WhiteFideId "24640794"]
[BlackFideId "24614734"]
[EventCountry "GER"]
[EventRounds "9"]
[EventType "swiss"]
[EventDate "2008.05.10"]

1. e4 c5 2. Nf3 Nc6 3. d4 cxd4 4. Nxd4 Nf6 5. Nc3 d6 6. Bg5 e6 7. Qd2 a6 8.
O-O-O h6 9. Be3 Be7 10. f3 Nxd4 11. Bxd4 e5 12. Be3 Be6 13. Nd5 Nxd5 14. exd5
Bf5 15. g4 Bh7 16. Bd3 Bxd3 17. Qxd3 Qd7 18. h4 Rc8 19. Kb1 b5 20. f4 exf4 21.
Bd4 Qxg4 22. Rdg1 Qh5 23. Rxg7 Kd7 24. Bb6 Rcg8 25. Qh3+ f5 26. Qc3 1-0

[Event "DEM U16 2008"]
[Site "Willingen GER"]
[Date "2008.05.15"]
[Round "7"]
[White "Schulz, Jens"]
[Black "Graf, Felix"]
[Result "1/2-1/2"]
[Termination "normal"]
[Board "5"]
[WhiteElo "1984"]
[BlackElo "2225"]
[PlyCount "72"]
[WhiteFideId "24675687"]
[BlackFideId "24608904"]
[EventCountry "GER"]
[EventRounds "9"]
[EventType "swiss"]
[EventDate "2008.05.10"]

1. e4 e6 2. d4 d5 3. Nc3 Bb4 4. e5 c5 5. a3 Bxc3+ 6. bxc3 Qc7 7. Qg4 f5 8. Qg3
Nc6 9. Ne2 cxd4 10. cxd4 Nge7 11. Bd2 O-O 12. c3 Ng6 13. Nf4 Nxf4 14. Qxf4 Bd7
15. Rb1 Ne7 16. Bd3 a6 17. O-O Ng6 18. Qg5 Bb5 19. Bxb5 axb5 20. Rxb5 f4 21.
Rfb1 Rxa3 22. h4 Rf7 23. h5 Nf8 24. Rc5 Qd7 25. Bxf4 Rf5 26. Qg4 Qf7 27. g3
Rxh5 28. Rcb5 Qf5 29. Qxf5 Rxf5 30. Bd2 Ra2 31. Be1 h5 32. Rxb7 Nh7 33. f4 Nf8
34. Re7 g5 35. fxg5 Rxg5 36. Rbb7 Re2 1/2-1/2

[Event "DEM U16 2008"]
[Site "Willingen GER"]
[Date "2008.05.15"]
[Round "7"]
[White "Kaphle, Stephan"]
[Black "Zelbel, Patrick"]
[Result "1/2-1/2"]
[Termination "normal"]
[Board "6"]
[WhiteElo "2136"]
[BlackElo "2246"]
[PlyCount "40"]
[WhiteFideId "24629103"]
[BlackFideId "24624322"]
[EventCountry "GER"]
[EventRounds "9"]
[EventType "swiss"]
[EventDate "2008.05.10"]

1. e4 c5 2. Nf3 d6 3. d4 cxd4 4. Nxd4 Nf6 5. Nc3 a6 6. Be3 e5 7. Nf3 Be7 8. Bc4
O-O 9. O-O Be6 10. Qe2 Qc7 11. Bb3 Nc6 12. Rfd1 Rac8 13. Ng5 Bxb3 14. axb3 Nd8
15. Nf3 Ne6 16. Nh4 g6 17. g3 Qb8 18. Ng2 Rfe8 19. Qd3 Bf8 20. f3 Rc6 1/2-1/2

[Event "DEM U16 2008"]
[Site "Willingen GER"]
[Date "2008.05.15"]
[Round "7"]
[White "Tkachuk, Konstantyn"]
[Black "Tiemann, Christoph"]
[Result "1-0"]
[Termination "normal"]
[Board "7"]
[WhiteElo "2145"]
[BlackElo "2077"]
[PlyCount "45"]
[WhiteFideId "24647330"]
[BlackFideId "24676900"]
[EventCountry "GER"]
[EventRounds "9"]
[EventType "swiss"]
[EventDate "2008.05.10"]

1. e4 c5 2. Nf3 d6 3. d4 cxd4 4. Nxd4 Nf6 5. Nc3 a6 6. Bg5 e6 7. f4 Nbd7 8. Qf3
Qc7 9. O-O-O b5 10. g4 b4 11. Nce2 Bb7 12. Ng3 Rc8 13. Bd3 Be7 14. Nh5 Nxh5 15.
Bxe7 Nxf4 16. Qxf4 Kxe7 17. Rhf1 f6 18. g5 Qc5 19. gxf6+ gxf6 20. Nxe6 Kxe6 21.
Qg4+ Ke7 22. Qg7+ Ke6 23. e5 1-0

[Event "DEM U16 2008"]
[Site "Willingen GER"]
[Date "2008.05.15"]
[Round "7"]
[White "Borgmeyer, Max"]
[Black "Nuber, Blasius"]
[Result "0-1"]
[Termination "normal"]
[Board "9"]
[WhiteElo "2040"]
[BlackElo "2093"]
[PlyCount "98"]
[WhiteFideId "24615870"]
[BlackFideId "24620289"]
[EventCountry "GER"]
[EventRounds "9"]
[EventType "swiss"]
[EventDate "2008.05.10"]

1. e4 e5 2. Nf3 Nc6 3. d4 exd4 4. Nxd4 Bc5 5. Be3 Qf6 6. Nb5 Bxe3 7. fxe3 Qh4+
8. g3 Qd8 9. Qg4 g6 10. Qf4 d6 11. Bc4 Ne5 12. Bb3 g5 13. Qf2 h6 14. Nd2 Ne7
15. O-O-O Bg4 16. Rdf1 Be6 17. Bxe6 fxe6 18. Nd4 Kd7 19. Qe2 N7c6 20. Qb5 Rb8
21. Nc4 Nxc4 22. Qxc4 Qe7 23. Nxc6 bxc6 24. Qd4 Rhf8 25. e5 d5 26. c3 Qh7 27.
h4 Qg6 28. h5 Rxf1+ 29. Rxf1 Qxh5 30. Qxa7 Rxb2 31. Qa8 Rc2+ 32. Kb1 Qg6 33.
Ka1 Rxc3 34. Qf8 c5 35. Rf7+ Kc6 36. Qe8+ Kb6 37. Qb8+ Ka6 38. Qa8+ Kb5 39. Rf1
Rc4 40. Qb7+ Ka4 41. Qa6+ Kb4 42. Rb1+ Kc3 43. Qa5+ Kd3 44. e4 Qg7 45. Rb3+ Kd4
46. exd5 Qxe5 47. Qd2+ Ke4+ 48. Kb1 Qxd5 49. Re3+ Kf5 0-1